LDR 01311nam a2200277 4500 001 000000367916 003 CaOOAMICUS 005 20260522123810.0 008 260522s2026 it 000 u ita r 020 $a978-88-399-4211-1 040 $aSeMil$bita 100 1 $aCannavina, Daniela A.$0(OLS)http://semarc/name/124460 245 12$aL'ascolto in una chiesa sinodale :$bla conversazione nello Spirito /$cDaniela A. Cannavina ; con la collaborazione di Serena Noceti ; prefazione di Giacomo Costa. 264 1$aBrescia :$bQueriniana,$c2026. 300 $a94 p. ;$c21 cm 490 1 $aPassi di sinodalità 650 4$aChiesa e sinodalità.$0(OLS)http://semarc/subject/18874 700 1 $aNoceti, Serena,$d<1966- >.$0(OLS)http://semarc/name/14545 700 1 $aCosta, Giacomo,$c
.$0(OLS)http://semarc/name/93306 830 0$aPassi di sinodalità.$0(OLS)http://semarc/title/456346 850 $aSeMil 852 $aSeMil$W1$xVenegono$y1$m2BA Q 10$j272396$B258574$CSeMilBibl$Z2$F258574 $81 996 $6020$a978-88-399-4211-1$9(OLS)http://semarc/number/305986 996 $6245$aL'ascolto in una chiesa sinodale :$bla conversazione nello Spirito$9(OLS)http://semarc/title/459909 996 $6264$aBrescia :$bQueriniana$9(OLS)http://semarc/publisher/29615